000 01078nam a2200241Ia 4500
999 _c54339
_d54339
001 21395
003 GE_BSU
005 20211104145044.0
008 181216s2017||||ge |||||||||||||| ||geo||
020 _a9789941254079
040 _cGE_BSU
041 _ageo
080 _a908(510)+910.4(510) ა-19
245 _aაბრეშუმის გზა და კავკასია /
_cსარედ. კოლ. : კუანგვენ ლიუ-ყანდარელი, რ. ქუთათელაძე და ნ. ღუნდარიძე.
264 _aთბილისი :
_bმერიდიანი,
_c2017.
300 _a320 გვ. :
_b ილ. ;
_c30 სმ.
541 _h20 ლ.
653 _aაბრეშუმის გზა და კავკასია
653 _aისტორია
653 _aმხარეთმცოდნეობა
710 _aსაქართველო-ჩინეთის კულტურის ცენტრი "აბრეშუმის გზა"
_912817
942 _cBK
_2udc